Normal view
MARC view
- Bob Booth & Andy Mitchell
Entry Personal Name
001 - CONTROL NUMBER
- control field: 133103
003 - CONTROL NUMBER IDENTIFIER
- control field: NUST
005 - DATE AND TIME OF LATEST TRANSACTION
- control field: 20260206163123.0
008 - FIXED-LENGTH DATA ELEMENTS
- fixed length control field: 260206|| aca||aabn | a|a d
040 ## - CATALOGING SOURCE
- Original cataloging agency: NUST
- Transcribing agency: NUST
100 ## - HEADING--PERSONAL NAME
- Personal name: Bob Booth & Andy Mitchell
670 ## - SOURCE DATA FOUND
- Source citation: Work cat.: (NUST): Bob Booth & Andy Mitchell., Getting Started with ArcGIS /, 2001.
